| 000 | 00388nam a22001697a 4500 | ||
|---|---|---|---|
| 005 | 20160629151311.0 | ||
| 008 | 160629b xxu||||| |||| 00| 0 eng d | ||
| 020 | _a978-93-80027-66-1 | ||
| 041 | _aeng | ||
| 082 | _b12541 | ||
| 100 |
_aKumar, Dr. D.S _93200 |
||
| 245 | _aThermodynamics | ||
| 260 |
_bKatson _c2011 |
||
| 300 | _a474 | ||
| 650 |
_aDiploma Engineering _9817 |
||
| 942 | _cBK | ||
| 999 |
_c4727 _d4725 |
||